Freeze-Drying/Lyophilization of Pharmaceutical and Biological Products /

Uso de la liofilización en la industria farmacéutica. Este proceso es la eliminación del agua por medio de vacío del material previamente congelado, la ventaja de este proceso de secado es que la muestra no pierde sus propiedades físicas y/o nutricionales. Es utilizada tanto para medicamentos como p...

Descripción completa

Guardado en:
Detalles Bibliográficos
Autor principal: Rey, Louis (ed.)
Otros autores: May, Joan C. (edición) (edición)
Formato: Libro
Idioma:Inglés
Publicado: Nueva York, EUA : Informa Healthcare, 2007, c2007
Edición:2a edición
Colección:(Drugs and the Pharmaceutical Sciences ; 137)
Temas:
Etiquetas: Agrega una etiqueta
Sin etiquetas, Sé el primero en etiquetar este registro!

MARC

LEADER 00000nam^a2200000^a^4500
001 000287131
005 20250521000000.0
009 20260310111830.539
020 |a 0-8247-4868-9 
020 |a 978-0-8247-4868-5 
037 |a Acervo ITESO - Biblioteca 
041 |a ING 
082 |a 615. 19  |b REY 
100 |a Rey, Louis  |e (ed.) 
245 1 0 |a Freeze-Drying/Lyophilization of Pharmaceutical and Biological Products /  |c Ed. de L. Rey, J.C. May ; pról. de Harold T. Meryman, Thomas A. Jennings. 
250 |a 2a edición  |b revisada y aumentada 
264 4 |a Nueva York, EUA :  |b Informa Healthcare,  |c 2007, c2007 
300 |a XVI, 613 p. 
336 |a texto  |b txt  |2 rdacontenido 
337 |a sin mediación  |b n  |2 rdamedio 
338 |a volumen  |b nc  |2 rdasoporte 
440 1 |a (Drugs and the Pharmaceutical Sciences ;  |v 137) 
520 |a Uso de la liofilización en la industria farmacéutica. Este proceso es la eliminación del agua por medio de vacío del material previamente congelado, la ventaja de este proceso de secado es que la muestra no pierde sus propiedades físicas y/o nutricionales. Es utilizada tanto para medicamentos como para productos biológicos. 
649 |a XX 
650 |a Proteínas 
650 |a Productos Biológicos -  |x Secado -  |x Tema Principal 
650 |a Medicamentos -  |x Secado -  |x Tema Principal 
650 |a Liofilización -  |x Tema Principal 
650 |a Industria Farmacéutica 
650 |a Química Farmacéutica 
700 |a May, Joan C.  |e (edición) 
910 |a Fondo General 
920 |a Impresos - Libros 
930 |a Colección General 
905 |a 101 
901 |a 0500174092  |b IT1  |c ACC  |i 000054  |u 20250521 
902 |a https://opac.biblio.iteso.mx/vufind/Record/000287131